| 000 | 01136cam a22002895a 4500 | ||
|---|---|---|---|
| 001 | 016889414 | ||
| 003 | OSt | ||
| 005 | 20160927154206.0 | ||
| 008 | 141013t2015 enka fr 001 0 eng d | ||
| 020 | _a9781292069975 | ||
| 020 | _a129206997X | ||
| 040 |
_aUk _beng _cUk _dEG-ScBUE |
||
| 082 | 0 | 4 |
_a005.133 _222 _bGAD |
| 100 | 1 | _aGaddis, Tony, | |
| 245 | 1 | 0 |
_aStarting out with C++ : _bfrom control structures through objects / _cTony Gaddis. |
| 246 | 1 | 3 | _aStarting out with C plus plus |
| 250 | _a8th ed., Global ed. | ||
| 260 |
_aHarlow : _bPearson Education Limited, _cc.2015. |
||
| 300 |
_a1268 p. : _bill. ; _c26 cm. |
||
| 500 | _a"Authorized adaptation from the United States edition, entitled Starting out with C++: from control structures through objects, 8th edition, ISBN 978-0-133-76939-5, by Tony Gaddis, published by Pearson Education ©2015"--Title page verso. | ||
| 500 | _aIncludes online student access code on inside front cover. | ||
| 500 | _aIndex : p. 1247-1265. | ||
| 650 | 7 |
_aC++ (Computer program language) _2BUEsh _93406 |
|
| 653 |
_bCOMSCI _cSeptember2016 |
||
| 655 |
_vText book _933728 |
||
| 942 | _2ddc | ||
| 999 |
_c22426 _d22398 |
||